Rasayana Tantra By Paksadhar Jha (Record no. 24987)
[ view plain ]
| 000 -LEADER | |
|---|---|
| fixed length control field | 00339nam a2200133Ia 4500 |
| 008 - FIXED-LENGTH DATA ELEMENTS--GENERAL INFORMATION | |
| fixed length control field | 200917s9999||||xx |||||||||||||| ||und|| |
| 082 ## - DEWEY DECIMAL CLASSIFICATION NUMBER | |
| Classification number | 242 |
| Item number | JHA/R |
| 100 ## - MAIN ENTRY--PERSONAL NAME | |
| Personal name | Jha, Paksadhar |
| 245 #0 - TITLE STATEMENT | |
| Title | Rasayana Tantra By Paksadhar Jha |
| 250 ## - EDITION STATEMENT | |
| Edition statement | 1st Edition |
| 260 ## - PUBLICATION, DISTRIBUTION, ETC. | |
| Place of publication, distribution, etc. | Varanasi |
| Name of publisher, distributor, etc. | Chaukhambha Vidyabhavan |
| Date of publication, distribution, etc. | 1971 |
| 300 ## - PHYSICAL DESCRIPTION | |
| Extent | 208 |
| 942 ## - ADDED ENTRY ELEMENTS (KOHA) | |
| Koha item type | Book |
No items available.